Somos
Descripción Física:
1 vol. ; fotografies i il·lustracions color ; periodicitat: irregular ; 28 cm
MARC
| LEADER | 00000nas a2200000 a 4500 | ||
|---|---|---|---|
| 001 | 28291 | ||
| 003 | AGDB | ||
| 005 | 20260324180054.0 | ||
| 008 | 160829s1992 xx 000 0 cat d | ||
| 017 | |a M 37348-1992 | ||
| 110 | 2 | |9 69946 |a ASPACE | |
| 245 | |a Somos | ||
| 260 | |a Madrid : |b Federación ASPACE ; |c [1991- ] | ||
| 300 | |a 1 vol. ; |b fotografies i il·lustracions color ; periodicitat: irregular ; |c 28 cm | ||
| 310 | |a Irregular | ||
| 500 | |a A la coberta: IX Juegos Paralímpicos. | ||
| 500 | |a A la portada: Paralímpics, Barcelona '92. | ||
| 508 | |a Nom complet de l'editor: Federación Española de Asociaciones de Atención a las Personas con Parálisis Cerebral. | ||
| 556 | |a Núm. de full registral: 3019. | ||
| 588 | |a Descripció basada en: Edició especial (1993). | ||
| 611 | 2 | 0 | |a Jocs Paralímpics |n (9ns : |d 1992 : |c Barcelona, Catalunya) |x Revistes |9 54276 |
| 650 | |a Paràlisi cerebral |x Revistes |9 45435 | ||
| 655 | 0 | |9 55823 |a Revistes | |
| 866 | |a 1993 (Edició especial) | ||
| 901 | |a Arxiu | ||
| 942 | |n 1 |2 udc |c REV | ||
| 952 | |0 0 |1 0 |4 0 |6 REV2333 |7 1 |9 52599 |a Arxiu |b Arxiu |d 2023-10-16 |h Núm. especial IX Jocs Paralímpics (1993) |o Rev-2333 |p 28291 |r 2016-12-01 00:00:00 |w 2016-12-01 |y ARXIU | ||
| 999 | |c 56448 |d 56448 | ||